000 00806cam a2200253 i 4500
001 17330466
005 20180221073441.0
008 120604s2012 mau b 001 0 eng
010 _a 2012019000
020 _a9780547564654 (hbk.)
040 _aDLC
_beng
_cDLC
_erda
_dDLC
041 _aeng
042 _apcc
043 _an-us---
080 _a372.210973 PAU
082 0 0 _a372.210973 PAU
_223
100 1 _a47
101 _aEDU
245 1 0 _aHow children succeed :
_cPaul Tough.
504 _aIncludes bibliographical references (pages 203-222) and index.
906 _a7
_bcbc
_corignew
_d1
_eecip
_f20
_gy-gencatlg
942 _2ddc
_cBK
999 _c43062
_d43062